000 01192nam a2200313 a 4500
001 000020695
003 DO-SdBNP
005 20250422141551.0
007 ta
008 100812m2018 dr ac gr 000 00s0dspa d
020 _a9789945913149
040 _aDO-SdBNP
_bspa
_cBNPHU
082 4 _bB641c
_222
100 1 _aBlanco Fombona, Horacio
_923842
_d1890-1948
245 1 0 _aCrímenes del imperialismo norteamericano /
_cHoracio Blanco Fombona ; presentación, Álvaro A. Caamaño Santana.
260 _aSanto Domingo :
_bArchivo General de la Nación,
_c2018
300 _a180 p. :
_bil., ret. ;
_c24 cm.
490 _aArchivo General de la Nación ;
_v319
500 _aIncluye datos biográficos del autor en la solapa de la cubierta
500 _aIncluye índice onomástico, p. 155 - 157
590 _aInventariado, 2020 / YL
650 4 _99457
_aRelaciones Diplomáticas
_zAmérica Latina
650 4 _964332
_aImperialismo
_yAmérica Latina
650 4 _aRelaciones Exteriores
_zAmérica Latina
_983059
651 4 _915918
_aAmérica Latina
_xRelaciones Exteriores
_zEstados Unidos
700 1 _aCaamaño, Álvaro A.
_d1951-
_epres.
_978208
942 _2ddc
_cLBS1
956 _aYLOCKWARD
999 _c20199
_d20199